The meaning of the dead sea scrolls /

Gespeichert in:
Bibliographische Detailangaben
1. Verfasser: Davies, A.powell
Format: Buch
Sprache:Englisch
Veröffentlicht: New York : The New American Library, 1956.
Schlagworte:
Tags: Tag hinzufügen
Keine Tags, Fügen Sie das erste Tag hinzu!

MARC

LEADER 00000cam a22000002a 4500
001 0000011445
003 DAYSTAR
005 20171002014715.0
008 030703s1956 nyu 001 0 eng d
020
040 |a Daystar  |d Gmuthoni 
050 1 |a BM 487  |b .D3 
100 1 |a Davies, A.powell. 
245 1 4 |a The meaning of the dead sea scrolls /  |c A.powell Davies. 
260 |a New York :  |b The New American Library,  |c 1956. 
300 |a 138p. 
630 0
650 0 |a Dead sea scrolls. 
908 |a 060412 
942 |c G 
952 |0 0  |1 0  |4 0  |6 BM_487_000000000000000_D3  |7 0  |9 5985  |a DUA  |b DUA  |c GC  |d 2017-09-28  |l 0  |o BM 487.D3  |p BK001443  |r 2017-09-28 00:00:00  |w 2017-09-28  |x 60086  |y G 
999 |c 3906  |d 3906